| 000 | 00706nam a2200205 i 4500 | ||
|---|---|---|---|
| 001 | 181645 | ||
| 003 | ES-MaACL | ||
| 005 | 20250822063228.0 | ||
| 008 | 130306s1966 sp | |||| ||cat d | ||
| 080 | _a821.134.1-82"19" | ||
| 100 | 1 |
_aPla, Josep, _d1897-1981 _9164614 |
|
| 245 | 1 | 0 |
_aPrimera volada : _btres ciutats / _cJosep Pla. |
| 260 |
_aBarcelona : _bDestino, _c[1966] |
||
| 300 |
_a690 p. ; _c18 cm. |
||
| 490 | 1 |
_aObra completa de Josep Pla ; _v3 |
|
| 505 | 8 | _aContiene: Girona, un llibre de records ; Barcelona, una discussió entranyable ; Madrid, 1921, un dietari | |
| 830 | 1 |
_aObra completa de Josep Pla ; _v3 _9191524 |
|
| 852 | 4 |
_aES-MaACL _jJ-46(3) |
|
| 999 |
_c181645 _d181645 |
||